Statistics for Every Imagine Dragons Song on the Billboard Hot 100

Click here to take the quiz!

General Stats

  • This quiz has been taken 414 times
    (309 since last reset)
  • The average score is 10 of 17

Answer Stats

#YearSong% Correct
32013Radioactive
93%
42017Believer
91%
62013Demons
90%
42017Thunder
89%
692018Thunder/Young Dumb & Broke (Medley) (Khalid)
89%
132018Natural
71%
152013It's Time
65%
122018Whatever It Takes
62%
562019Bad Liar
61%
792014On Top Of The World
53%
782021Follow You
41%
282015I Bet My Life
40%
752015Shots
40%
152016Sucker For Pain (Lil Wayne, Wiz Khalifa, Logic & Ty Dolla $ign) ft. X Ambassadors
31%
782013Monster
21%
772015Roots
20%
752018Born To Be Yours (Kygo)
14%

Score Distribution

Percentile by Number Answered

Percent of People with Each Score

Your Score History

You have not taken this quiz since the last reset